00434pab a2200133 454500008004000000100002600040245011300066260000900179300001300188362000800201650002600209700002300235773004200258180718b1996 xxu||||| |||| 00| 0 eng d aKakabadse, Nada Korac aInnovation strategies for the adoption of new information technology in government: an Australian experience c1996 ap.317-30 aOct aPublic administration aKouzmin, Alexander aPublic Administration and Development